000 00744nam a2200253Ia 4500
003 OSt
005 20221005111456.0
006 a|||||r|||| 00| 0
007 ta
008 221004b |||||||| |||| 00| 0 hin d
024 _a44638
037 _cTextual
040 _aCRL
_cCRL
_bhin
041 _2hin
_ahin
082 _aO152wN3, M3
100 _aअजित कुमार
245 0 _aदूर वन में
246 _aDūr van mean
260 _aनई दिल्ली
_bसातवाहन भारत
_c1983
300 _a154पृ0
_ccm.
650 _aहिन्दी साहित्य
942 _hO152wN3, M3
_cTEXL
_2cc
999 _c1021954
_d1021954